| 000 | 00893nam a2200205 a 4500 | ||
|---|---|---|---|
| 005 | 20240924064307.0 | ||
| 008 | 991125s1972 mx 000 0 spa u | ||
| 035 | _aUPN01000057754 | ||
| 049 | _aF | ||
| 050 | 4 |
_aLE7.2913 U265 _bD412 no.11 |
|
| 245 | 0 | 0 |
_aUniversidad de planificación social : _blas ciencias humanas y la dinámica de la educación y del desarrollo / _cDarcy Ribeiro ... [et al.]. |
| 260 |
_aMéxico : _bUNAM, Dirección General de Difusión Cultural, Departamentode Humanidades, _c1972. |
||
| 300 |
_a24 p. : _bil. |
||
| 440 | 0 |
_aDeslinde. _pCuadernos de cultura política universitaria ; _v11 |
|
| 500 | _a"Coloquio Internacional sobre la Enseñanza de las CienciasSociales, Argelia, 19-23 abril de 1971" | ||
| 650 | 4 |
_aEducación _vPlanes y programas _96413 |
|
| 650 | 4 |
_aUniversidades y colegios _95013 |
|
| 700 | 1 |
_aRibeiro, Darcy, _d1922- _ecoaut. _929537 |
|
| 905 | _aLibro | ||
| 999 |
_c57754 _d57754 |
||